000 01138cam a2200217 4500
001 ##L133550
008 060518n2006 000 0 eng u
035 _a(Sirsi) u133550
041 0 _aeng
050 0 4 _a333.33 $2 18
110 2 _aNationwide Building Society
_91019
245 0 0 _aNationwide monthly house price review
_bApril 2006
260 _aLondon
_bNationwide
_c2006
490 0 _aNationwide Monthly House Price Review
520 _aThe rate of growth of house prices cooled sharply in April increasing by only 0.1%, down from 1.1% in March. The annual rate of house price growth fell back to 4.8% in April compared with 5.3% in March. The price of a typical UK house is now £163 573, £7 500 more than a year ago. Demand remains fairly resilient but housing market activity is likely to fall towards its long-term trend.
650 2 4 _aNATIONWIDE MONTHLY HOUSE PRICE REVIEW
651 4 _aUnited Kingdom
_y
690 _aPROPERTY-RESIDENTIAL PROPERTY-RESIDENTIAL PROPERTY MARKET
856 4 0 _uhttps://www.nationwide.co.uk/hpi/
_zView the monthly house price review free of charge at www.nationwide.co.uk...
942 _n0
999 _c105417
_d105417